000 00220 a2200097 4500
001 45500
100 _aGraver B
245 _aAdvanced English practice
260 _aLondon
_bOxford university
_c
090 _c28660
_d28660
942 _aNUST-CAE
_cM
_c20736
999 _c280573
_d280573